Introducción a la filosofía /

Planteamiento de un panorama general de la filosofía a través de conceptos claves, que pensadores de diversas épocas han afrontado con el propósito de explicar la realidad de las cosas y su trascendencia.

שמור ב:
מידע ביבליוגרפי
מחבר ראשי: Wahl, Jean (autor)
מחברים אחרים: Gaos, José (traducción) (traducción)
פורמט: ספר
שפה:ספרדית
יצא לאור: México : Fondo de Cultura Económica, 1967
מהדורה:5a edición
סדרה:(Breviarios ; 34)
נושאים:
תגים: הוספת תג
אין תגיות, היה/י הראשונ/ה לתייג את הרשומה!

MARC

LEADER 00000nam^a2200000^a^4500
001 000000560
005 20250521000000.0
009 20260310083032.334
037 |a Acervo ITESO - Biblioteca 
041 |a ESP 
082 |a 082.  |b BRE V. 34 
100 |a Wahl, Jean  |e (autor) 
245 1 0 |a Introducción a la filosofía /  |c J. Wahl ; tr. por J. Gaos. 
250 |a 5a edición 
264 1 |a México :  |b Fondo de Cultura Económica,  |c 1967 
300 |a 379 p. 
336 |a texto  |b txt  |2 rdacontenido 
337 |a sin mediación  |b n  |2 rdamedio 
338 |a volumen  |b nc  |2 rdasoporte 
440 1 |a (Breviarios ;  |v 34) 
500 |a Traducción de: The Philosopher's Way 
520 |a Planteamiento de un panorama general de la filosofía a través de conceptos claves, que pensadores de diversas épocas han afrontado con el propósito de explicar la realidad de las cosas y su trascendencia. 
649 |a XX 
650 |a Realidad -  |x Filosofía 
650 |a Materia 
650 |a Metafísica 
650 |a Ontología 
650 |a Epistemología 
650 |a Etica 
650 |a Alma y Cuerpo 
650 |a Trascendencia 
650 |a Dios 
650 |a Filosofía de la Naturaleza 
650 |a Filosofía -  |x Teoría -  |x Tema Principal 
700 |a Gaos, José  |e (traducción) 
910 |a Fondo General 
920 |a Impresos - Libros 
930 |a Colección General 
905 |a 101 
901 |a 0005600100  |b IT1  |c ACC  |i 000560  |u 20250521 
902 |a https://opac.biblio.iteso.mx/vufind/Record/000000560